000 01325nam a2200265Ia 4500
003 OSt
005 20220930094822.0
006 a|||||r|||| 00| 0
007 ta
008 220926b |||||||| |||| 00| 0 hin d
024 _a20536
037 _cTheses
040 _aCRL
_cCRL
_bhin
041 _2hin
_ahin
100 _aशर्मा, संजीव
110 _aदिल्ली विश्वविद्यालय. कला संकाय. हिन्दी विभाग
245 0 _aस्कूली हिंदी भाषा शिक्षण साहित्य का विश्लेषण (एन.सी.एफ, एन.सी.ई.आर.टी. 2005 के विशेष संदर्भ में)
246 _aSkūlī hiandī bhāṣhā shikṣhaṇ sāhitya kā vishleṣhaṇ (ena.sī.efa, ena.sī.ī.āra.ṭī. 2005 ke visheṣh sandarbha mean)
260 _c2013
650 _aहिन्दी साहित्य
700 _a डॉ. आभा सक्सेना, गा.
_9556368
700 _aदिल्ली विश्वविद्यालय. कला संकाय. हिन्दी विभाग
942 _cDIS
_2CC
999 _c887726
_d887726